Answers Contain "Fight" - Statistics

General Stats
  • This quiz has been taken 129 times
    24 since last reset
  • The average score is 8 of 13
Answer Stats
Hint Answer % Correct
Dave Grohl band Foo Fighters
96%
What a matador does bullfighting
91%
Physiological reaction to a perceived threat fight-or-flight
83%
F-15, F-22, F-35... jet fighter
78%
1986 Beastie Boys song Fight for Your Right
70%
F-15 vs. F-15, for example dogfight
65%
Notre Dame's football team Fighting Irish
65%
1996 Chuck Palahniuk novel or its 1999 film adaptation Fight Club
57%
What UFC stands for Ultimate Fighting Championship
52%
Video game series with Ryu, M. Bison, and others Street Fighter
48%
1975 Isley Brothers song or 1989 Public Enemy song Fight the Power
30%
Betta splendens, commonly known as the betta Siamese fighting fish
30%
1971: Joe Frazier vs. Muhammad Ali Fight of the Century
26%
No matching quizzes found
Score Distribution
Percent of People with Each Score
Percentile by Number Answered
Your Score History
You have not taken this quiz since the last reset